<?xml version="1.0" encoding="UTF-8"?>
<record
    xmlns:xsi="http://www.w3.org/2001/XMLSchema-instance"
    xsi:schemaLocation="http://www.loc.gov/MARC21/slim http://www.loc.gov/standards/marcxml/schema/MARC21slim.xsd"
    xmlns="http://www.loc.gov/MARC21/slim">

  <leader>02613agaaa2200325   4500</leader>
  <controlfield tag="001">4963</controlfield>
  <controlfield tag="003">IT-RoPAU</controlfield>
  <controlfield tag="005">20220918181238.0</controlfield>
  <controlfield tag="007">d cvaizq</controlfield>
  <controlfield tag="008">50131s9999||||xx ||| |     ||   ||und||</controlfield>
  <datafield tag="040" ind1=" " ind2=" ">
    <subfield code="a">IT-RoPAU</subfield>
    <subfield code="c">IT-RoPAU</subfield>
  </datafield>
  <datafield tag="041" ind1=" " ind2=" ">
    <subfield code="a">ITALIANO</subfield>
  </datafield>
  <datafield tag="100" ind1=" " ind2=" ">
    <subfield code="a">Luchetti Daniele</subfield>
    <subfield code="g">Codice regista SPICS: 57897</subfield>
    <subfield code="9">43940</subfield>
  </datafield>
  <datafield tag="130" ind1=" " ind2=" ">
    <subfield code="a">PORTABORSE (IL)</subfield>
    <subfield code="9">43941</subfield>
  </datafield>
  <datafield tag="245" ind1=" " ind2=" ">
    <subfield code="a">PORTABORSE (IL)</subfield>
    <subfield code="c">Prodotto da: Barbagallo A. Morett -- Sceneggiatura: Petraglia Sandro Rulli Stefano Luchetti Daniele -- Diretto da: Luchetti Daniele</subfield>
    <subfield code="p">PORTABORSE (IL) (Rif. Codice opera principale : H4963)</subfield>
  </datafield>
  <datafield tag="250" ind1=" " ind2=" ">
    <subfield code="a">Edizione Standard</subfield>
  </datafield>
  <datafield tag="260" ind1=" " ind2=" ">
    <subfield code="a">(ITALIA)</subfield>
    <subfield code="b">SACHER FILM - EIDOSCOPE - BANFILM - CINE CINQ / Distribuzione: ESPRESSO</subfield>
    <subfield code="g">"2003 (1&#xB0; ed.: 2003 ; Ed. Lingua Orig.: 1991)"</subfield>
  </datafield>
  <datafield tag="300" ind1=" " ind2=" ">
    <subfield code="a">DVD</subfield>
    <subfield code="b">sonoro, col.</subfield>
    <subfield code="c">92 minuti</subfield>
  </datafield>
  <datafield tag="508" ind1=" " ind2=" ">
    <subfield code="a">"Fotografia: Pesci Alessandro; Montaggio: Garrone Mirco; Musica: Lucantoni Dario; Sceneggiatura: Petraglia Sandro Rulli Stefano Luchetti Daniele; Scenografia: Basili G. Scarpa L.; Soggetto: Bernini Franco -- Pasquini Angelo"</subfield>
  </datafield>
  <datafield tag="511" ind1=" " ind2=" ">
    <subfield code="a">"Orlando Silvio; Moretti Nanni; Brogi Giulio; Roussel Anne; Finocchiaro Angela; Cohen "</subfield>
  </datafield>
  <datafield tag="520" ind1=" " ind2=" ">
    <subfield code="a">IL GIOVANE MINISTRO CESARE BOTERO (N. MORETTI), DINAMICO E PRIVO DI SCRUPOLI, INTRODUCE TRA I SUOI COLLABORATORI PIU' STRETTI LUCIANO SANDULLI (S. ORLANDO), UN PROFESSORE DI LICEO VENUTO DAL SUD. RAPIDAMENTE LUCIANO CONQUISTA LA FIDUCIA DI BOTERO E COMINCIA A SCRIVERE I SUOI DISCORSI, LE SUE DICHIARAZIONI PUBBLICHE. IL MINISTRO RIPAGA IL LAVORO DI LUCIANO CON UNA SERIE DIPRIVILEGI E FAVORI SEMPRE PIU' IMBARAZZANTI. DOPO UN PRIMO MOMENTO DI FASCINAZIONE E LUSINGHE, IL PROFESSORE COMINCIA AD APRIRE GLI OCCHI: IL MONDO DI BOTERO E' FATTO DI CORRUZIONE, SOPRUSI, BROGLI ELETTORALI, TANGENTI. MENTRE INFURIA UN'ACCESA CAMPAGNA ELETTORALE, LUCIANO RACCOGLIE INDIZI NELLA SPERANZA DI POTER DENUNCIARE BOTERO. PRECURSORE NELL'EVIDENZIARE LA PERDITA DI SENSO MORALE NELLA POLITICA ITALIANA, IL FILM, CHE HA PARTECIPATO IN CONCORSO AL FESTIVAL DI CANNES, HA VINTO DUE DAVID DI DONATELLO 1991: MIGLIOR ATTORE (N. MORETTI) E MIGLIOR SCENEGGIATURA.MORALE E POLITICA.</subfield>
  </datafield>
  <datafield tag="538" ind1=" " ind2=" ">
    <subfield code="a">PAL, STEREO</subfield>
  </datafield>
  <datafield tag="546" ind1=" " ind2=" ">
    <subfield code="a">ITALIANO</subfield>
  </datafield>
  <datafield tag="650" ind1=" " ind2=" ">
    <subfield code="a">DRAMMATICO</subfield>
    <subfield code="e">DVD-FILM [DVD]</subfield>
    <subfield code="x">Codice MATERIA SPICS: 9947</subfield>
    <subfield code="9">43942</subfield>
  </datafield>
  <datafield tag="700" ind1=" " ind2=" ">
    <subfield code="a">Bernini Franco </subfield>
    <subfield code="e">(soggetto)</subfield>
    <subfield code="g">Codice Soggetto SPICS: 25342</subfield>
    <subfield code="9">43943</subfield>
  </datafield>
  <datafield tag="700" ind1=" " ind2=" ">
    <subfield code="a">Lucantoni Dario</subfield>
    <subfield code="e">(musica)</subfield>
    <subfield code="g">Codice Musica SPICS: 57898</subfield>
    <subfield code="9">43944</subfield>
  </datafield>
  <datafield tag="700" ind1=" " ind2=" ">
    <subfield code="a">Luchetti Daniele </subfield>
    <subfield code="e">(regista)</subfield>
    <subfield code="g">Codice regista SPICS: 57897</subfield>
    <subfield code="9">43945</subfield>
  </datafield>
  <datafield tag="700" ind1=" " ind2=" ">
    <subfield code="a">Pasquini Angelo </subfield>
    <subfield code="e">(soggetto)</subfield>
    <subfield code="g">Codice Soggetto 2&#xB0; SPICS: 36624</subfield>
    <subfield code="9">43946</subfield>
  </datafield>
  <datafield tag="942" ind1=" " ind2=" ">
    <subfield code="c">DV</subfield>
    <subfield code="2">ddc</subfield>
  </datafield>
  <datafield tag="999" ind1=" " ind2=" ">
    <subfield code="c">105893</subfield>
    <subfield code="d">105893</subfield>
  </datafield>
  <datafield tag="952" ind1=" " ind2=" ">
    <subfield code="0">0</subfield>
    <subfield code="1">0</subfield>
    <subfield code="4">0</subfield>
    <subfield code="6">H_4963_000000000000000</subfield>
    <subfield code="7">1</subfield>
    <subfield code="a">SPICS</subfield>
    <subfield code="b">SPICS</subfield>
    <subfield code="d">2015-01-31</subfield>
    <subfield code="l">0</subfield>
    <subfield code="o">H4963</subfield>
    <subfield code="r">2015-01-31 00:00:00</subfield>
    <subfield code="w">2015-01-31</subfield>
    <subfield code="y">DV</subfield>
    <subfield code="z">Progr. Ins.: 3190 / N.Vol.:1 / Copie: 1 / Pag.:0 / Copia rara: n.d. / date import: 1.2.2015 / By Epidotti, Trombetti, Vaglietti</subfield>
  </datafield>
</record>
